000 01012nam a22003017a 4500
001 BR9803204
003 BR-BrBNA
005 20230928100006.0
007 ta
008 230509b bl.||||| |||| 00| 0 por d
040 _aBR-BrBNA
_bpor
_cBiblioteca Nacional de Agricultura
041 _a(Por)
072 _aL73
_b5212
_b4190
090 _ 5212 BR9803204
100 1 _aSciavicco, C.J. de S.
110 1 _aUniversidade Federal de Minas Gerais, Belo Horizonte (Brasil). Escola de Veterinaria
_0Tese (Mestre em Medicina Veterinaria)
245 1 _aInfluencia da infeccao natural por helmintos gastrintestinais sobre o quadro hematologico de bezerros mesticos holandes x zebu
260 3 _aBelo Horizonte, MG (Brasil):
_c1996.
300 _a128 p.
500 _aBibliography (60 ref.); Summaries (Eng, Por); 9 graphs; 21 tables
650 _aBezerro
650 _aHelminto
650 _aInfeccao
650 _aVerminose
650 _aHemograma
909 _a202309
_bLucia
_c55
_dLucia Elande
942 _cBK
999 _c59777
_d59777